Responses for show #3665 - Friday, July 7, 2000

Doug Lach game 2.

Contestants

Mary Albanese, a teacher from Fort Lauderdale, Florida

Marc Singer, a teacher and theater professional from Charlotte, North Carolina

Doug Lach, a product development manager from Columbus, Ohio (whose 1-day cash winnings total $15,900)

Jeopardy! Round responses

DUTCH TREATS
LIFE SCIENCE
THE AMERICAN REVOLUTION
GEORGIANS
IT BORDERS BOTH
(Alex: You have to name the country)
"OO"! "OO"!
    $100 6
Heineken

Doug
    $100 11
Bats

Doug
    $100 1
Paul Revere

Doug
    $100 20
Athens

Mary
    $100 18
Colombia

Doug
    $100 16
Voodoo

Doug
    $200 7
Gouda

Doug
    $200 12
Liver

Doug
    $200 2
Brandywine

Doug
    $200 21
Holly Hunter

Mary
    $200 19
(Marc: What is Somalia?)
(Mary: What is Uganda?)
(D: What is the Sudan?)

Kenya

DougMarcMary
Triple Stumper
    $200 17
Footloose

Marc
    $300 8
Herring

Doug
    $300 13
Viruses

Doug
    $300 3
Intolerable Acts

Marc
    $300 22
Jeff Foxworthy

Doug
    $500 24
(Marc: What is the Soviet Union... [*]?)

Russia

Marc
    $300 27
"Cock-a-doodle-doo"

Doug
    $400 9
(Marc: What is brandy?)
(Alex: Strong stuff!)

Gin

Marc
Triple Stumper
    $400 14
"Survival of the Fittest"

Doug
    $400 4
(Marc: What is York?)

Quebec

MarcMary
    $400 23
Burt Reynolds

Marc
    $400 25
(Mary: What is Austria?)

Germany

DougMary
    $400 28
Moonroof

Doug
    $500 10
Indonesia

Triple Stumper
    $500 15
(Alex: Well done in that category!)

Algae

Doug
    $500 5
Lord North

Mary
    $500 30
Joanne Woodward

Mary
    $500 26
Tunisia

Doug
    $500 29
Aroostook

Triple Stumper

Scores at the first commercial break (after clue 15):

Doug Marc Mary
$2,400 -$500 $900

Scores at the end of the Jeopardy! Round:

Doug Marc Mary
$4,300 $400 $1,100

Double Jeopardy! Round responses

DUTCH TREATIES
THE TRUTH ABOUT CATS & DOGS
SHAKESPEAREAN CHARACTERS
CHAMPIONS OF TOURNAMENTS
AMERICAN INVENTIONS
"Y"s GUYS
    $200 26
New Jersey

Doug
    $200 21
Purr

Marc
    $200 1
Hamlet

Marc
    $200 16
U.S. Open (tennis)

Doug
    $200 8
ATM (Automated Teller Machine)

Mary
    $200 3
Alvin York

Doug
    $400 27
Spain

Mary
    $400 22
60 million

Marc
    $400 2
Juliet

Doug
    $3,000 17
Sumo wrestling

Doug
    $400 10
(Marc: What is an Instamatic camera?)
(Mary: What is a camera?)
(Alex: Be more specific.)
(Mary: Color camera?)
...
(Alex: The Instamatic camera came way later.)

Polaroid/instant camera

DougMarcMary
    $400 4
Isoroku Yamamoto

Doug
    $600 28
Jakarta

Doug
    $600 23
Mexico

Doug
    $600 9
Macbeth

Doug
    $600 18
Soap Box Derby

Doug
    $600 11
IBM

Doug
    $600 5
Chuck Yeager

Doug
    $5,000 29
(Alex: You could set a new one-day record on our show, but don't feel any pressure because of that!)

Benelux (Belgium, Netherlands & Luxembourg)

Doug
    $800 24
Cerberus

Doug
    $800 14
Caliban

Mary
    $800 19
Thomas Hearns

Doug
    $800 12
Transistor

Doug
    $800 6
Coleman Young

Marc
    $1000 30
(Doug: What is The Hague?)

Utrecht

DougMary
    $1000 25
France

Marc
    $1000 15
(Mary: What is "Coriolanus?")

Pericles

MarcMary
    $1000 20
Host/home nation

Doug
    $1000 13
Escalator

Marc
    $1000 7
Robin Yount

Doug

Scores at the end of the Double Jeopardy! Round:

Doug Marc Mary
$21,100 $4,600 $2,100
(lock game)

[wagering suggestions for these scores]

Final Jeopardy! Round responses

CURRENT TELEVISION
(Alex: Is Doug going to be the new highest-scoring... Oh, he's going to finish in second place in that regard!)
MaryWhat is "The West Wing" ?
$2,000
MarcWhat is The West Wing?
$399
DougWhat is The West Wing?
$11,500
The West Wing

Final scores:

Doug Marc Mary
$32,600 $4,999 $4,100
2-day champion: $48,500 2nd place: Trip to New York to see the Broadway play "Aida" 3rd place: VTech Cordless Phones

Game dynamics:

Coryat scores:

Doug Marc Mary
$14,300 $4,400 $2,100
36 R
(including 2 DDs),
2 W
11 R
(including 1 DD),
4 W
9 R,
4 W

Combined Coryat: $20,800

The J! Archive is created by fans, for fans. The Jeopardy! game show and all elements thereof, including but not limited to copyright and trademark thereto, are the property of Jeopardy Productions, Inc. and are protected under law. This website is not affiliated with, sponsored by, or operated by Jeopardy Productions, Inc. Join the discussion at JBoard.tv.